MARC

LEADER 00000nam0a2200000 4500
001 286041
005 20231101235844.0
035 |a (RuTPU)RU\TPU\book\310330 
090 |a 286041 
100 |a 20150302d1984 km y0rusy5003 ca 
101 0 |a rus 
102 |a RU 
105 |a y z 001zy 
200 1 |a Автоматизация исследований на основе информационно-вычислительной сети  |e [сборник статей]  |f Академия наук СССР (АН СССР), Ленинградский научно-исследовательский вычислительный центр (ЛНИВЦ) ; отв. ред. В. В. Александров 
210 |a Ленинград  |c Изд-во ЛНИВЦ  |d 1984 
215 |a 183 с.  |d 20 см 
320 |a Библиография в конце статей 
606 1 |a Научно-исследовательская работа  |x Автоматизация  |2 stltpush  |3 (RuTPU)RU\TPU\subj\45143  |9 64405 
610 1 |a эксперименты 
610 1 |a вычислительные сети 
610 1 |a предметные области 
610 1 |a информационные модели 
610 1 |a данные 
610 1 |a структура 
610 1 |a теория 
610 1 |a информационные системы 
610 1 |a программное обеспечение 
610 1 |a распределенные базы данных 
610 1 |a системы управления 
610 1 |a проектирование 
610 1 |a анализ 
610 1 |a интегрированный подход 
610 1 |a однородные наборы 
610 1 |a манипулирование 
686 |a Ч215.3  |v LBC/SL-A  |2 rubbk 
702 1 |a Александров  |b В. В.  |4 340 
712 0 2 |a Академия наук СССР (АН СССР)  |b Ленинградский научно-исследовательский вычислительный центр (ЛНИВЦ)  |c (1978-1985)  |2 stltpush  |3 (RuTPU)RU\TPU\col\9968 
801 0 |a RU  |b RuMRKP  |c 19950704  |g psbo 
801 1 |a RU  |b 63413507  |c 20150302 
801 2 |a RU  |b 63413507  |c 20200827  |g RCR 
942 |c BK